000 00430cam a22001217a 4500
008 180718b1983 xxu||||| |||| 00| 0 eng d
082 _aA81x54 In2/81/26/PT2A&B
100 _aCensus of India 1981
245 _aChandigarh: general population tables and primary census abstract
260 _aDelhi
_bController of Publications
_c1983
300 _a295+p.
440 _aCensus of India 1981. Series-26, Chandigarh. Part II-A & Part II-B
999 _c482539
_d482539